Πλήρες εγχειρίδιο του NetWare 3.12
Αποθηκεύτηκε σε:
| Άλλοι συγγραφείς: | |
|---|---|
| Μορφή: | Βιβλίο |
| Γλώσσα: | Greek English |
| Δημοσίευση: |
Αθήνα :
Μόσχος Γκιούρδας,
1995.
|
| Θέματα: | |
| Ετικέτες: |
Προσθήκη ετικέτας
Δεν υπάρχουν, Καταχωρήστε ετικέτα πρώτοι!
|
MARC
| LEADER | 00000cam a2200000 i 4500 | ||
|---|---|---|---|
| 001 | 1/44687 | ||
| 008 | 980506s1995 gr | ||| |||| ||gre|| | ||
| 035 | |l 10042343 | ||
| 040 | |a GR-MyUa |b gre |e AACR2 | ||
| 041 | 1 | |a gre |h eng | |
| 082 | 7 | |a 005.71369 |2 (22) | |
| 245 | 1 | 0 | |a Πλήρες εγχειρίδιο του NetWare 3.12 / |c Drew Heywood...[και ά.]. ; απόδοση Κ. Συρράκος. |
| 260 | |a Αθήνα : |b Μόσχος Γκιούρδας, |c 1995. | ||
| 300 | |a xxv, 1087 σ. : |b εικ. ; |c 24 εκ. + |e 1 computer optical laser disc (4 3/4 in.) | ||
| 500 | |a Μετάφραση του: Inside NetWare 3.12. | ||
| 500 | |a Περιλαμβάνει ευρετήριο. | ||
| 630 | 0 | 0 | |a NetWare. |
| 650 | 0 | |a Local area networks (Computer networks) | |
| 650 | 0 | |a Operating systems (Computers) | |
| 700 | 1 | |a Heywood, Drew. | |
| 852 | |a INST |b SAMOS |e 19980506 |h 005.71369 ΠΛΗ |p 005300011705 |q 005300011705 |t BK |y 0 | ||
| 852 | |a INST |b SAMOS |e 19980506 |h 005.71369 ΠΛΗ |p 005300011717 |q 005300011717 |t BK |y 0 | ||
| 852 | |a INST |b SAMOS |e 19980506 |h 005.71369 ΠΛΗ |p 005300011718 |q 005300011718 |t BK |y 0 | ||
| 852 | |a INST |b SAMOS |e 19980506 |h 005.71369 ΠΛΗ |p 005300011719 |q 005300011719 |t BK |y 0 | ||
| 852 | |a INST |b SAMOS |e 19980506 |h 005.71369 ΠΛΗ |p 005300011720 |q 005300011720 |t BK |y 0 | ||
| 852 | |a INST |b SAMOS |e 19980506 |h 005.71369 ΠΛΗ |p 005300011721 |q 005300011721 |t BK |y 0 | ||
| 852 | |a INST |b SAMOS |e 19980506 |h 005.71369 ΠΛΗ |p 005300011722 |q 005300011722 |t BK |y 0 | ||
| 852 | |a INST |b SAMOS |e 19980506 |h 005.71369 ΠΛΗ |p 005300011723 |q 005300011723 |t BK |y 0 | ||
| 852 | |a INST |b SAMOS |e 19980506 |h 005.71369 ΠΛΗ |p 005300011724 |q 005300011724 |t BK |y 0 | ||
| 852 | |a INST |b SAMOS |e 19980506 |h 005.71369 ΠΛΗ |p 005300011725 |q 005300011725 |t BK |y 0 | ||
| 852 | |a INST |b SAMOS |e 19981209 |h 005.71369 ΠΛΗ |p 005300010391 |q 005300010391 |t BK |y 0 | ||
| 852 | |a INST |b SAMOS |e 19981209 |h 005.71369 ΠΛΗ |p 005300010392 |q 005300010392 |t BK |y 0 | ||
| 852 | |a INST |b SAMOS |e 19981209 |h 005.71369 ΠΛΗ |p 005300010393 |q 005300010393 |t BK |y 0 | ||
| 852 | |a INST |b SAMOS |e 19981209 |h 005.71369 ΠΛΗ |p 005300010394 |q 005300010394 |t BK |y 0 | ||
| 852 | |a INST |b SAMOS |e 19981209 |h 005.71369 ΠΛΗ |p 005300010395 |q 005300010395 |t BK |y 0 | ||
| 852 | |a INST |b SAMOS |e 19981209 |h 005.71369 ΠΛΗ |p 005300010396 |q 005300010396 |t BK |y 0 | ||
| 852 | |a INST |b SAMOS |e 19981209 |h 005.71369 ΠΛΗ |p 005300010397 |q 005300010397 |t BK |y 0 | ||
| 852 | |a INST |b SAMOS |e 19981209 |h 005.71369 ΠΛΗ |p 005300010398 |q 005300010398 |t BK |y 0 | ||
| 852 | |a INST |b SAMOS |e 19981209 |h 005.71369 ΠΛΗ |p 005300010399 |q 005300010399 |t BK |y 0 | ||
| 852 | |a INST |b SAMOS |e 19981209 |h 005.71369 ΠΛΗ |p 005300010400 |q 005300010400 |t BK |y 0 | ||
| 901 | |a BIBL-1998-2 | ||
| 922 | |a 3ΕΛΗ |b 199804 |c ΚΠΣ |d EMVASIS | ||